Giải tích số

সংরক্ষণ করুন:
গ্রন্থ-পঞ্জীর বিবরন
প্রধান লেখক: Nguyễn, Minh Chương
বিন্যাস: গ্রন্থ
ভাষা:Undetermined
প্রকাশিত: Hà Nội Giáo Dục 2003
বিষয়গুলি:
ট্যাগগুলো: ট্যাগ যুক্ত করুন
কোনো ট্যাগ নেই, প্রথমজন হিসাবে ট্যাগ করুন!
Thư viện lưu trữ: Trung tâm Học liệu Trường Đại học Cần Thơ
LEADER 00602nam a2200217Ia 4500
001 CTU_45264
008 210402s9999 xx 000 0 und d
020 |c 28200 
082 |a 515 
082 |b Ch561 
100 |a Nguyễn, Minh Chương 
245 0 |a Giải tích số 
245 0 |c Nguyễn Minh Chương [et al.] 
260 |a Hà Nội 
260 |b Giáo Dục 
260 |c 2003 
526 |a Giải tích số,Giải tích số 
526 |b SP082,TN635 
650 |a Numerical analysis 
904 |i Minh 
980 |a Trung tâm Học liệu Trường Đại học Cần Thơ